Test dostatočnosti rezerv v životnom poistení diplomová práca

Saved in:
Bibliographic Details
Main Author: Machalová, Erika
Corporate Author: Fakulta hospodárskej informatiky EU. Katedra matematiky
Other Authors: Bilíková, Mária, 1951-
Format: Book
Language:Slovak
Published: Bratislava 2012
Tags: Add Tag
No Tags, Be the first to tag this record!

MARC

LEADER 00000nbm a2200000 4500
001 0154676
005 20161109102136.8
041 0 |a slo 
044 |a SK 
245 1 0 |a Test dostatočnosti rezerv v životnom poistení  |b diplomová práca  |c Erika Machalová ; školiteľ: Mária Bilíková 
264 1 |a Bratislava  |c 2012 
300 |a 65 s. 
100 1 |a Machalová, Erika 
700 1 |a Bilíková, Mária, 1951- 
710 2 |a Fakulta hospodárskej informatiky EU. Katedra matematiky